Fake images: The effects of source, intermediary, and digital media literacy on contextual assessment of image credibility online / (Record no. 361440)
[ view plain ]
| 000 -LEADER | |
|---|---|
| fixed length control field | 00667nam a2200181Ia 4500 |
| 008 - FIXED-LENGTH DATA ELEMENTS--GENERAL INFORMATION | |
| fixed length control field | 190422s9999 xx 000 0 und d |
| 100 ## - MAIN ENTRY--PERSONAL NAME | |
| Personal name | Shen, Cuihua |
| 245 ## - TITLE STATEMENT | |
| Title | Fake images: The effects of source, intermediary, and digital media literacy on contextual assessment of image credibility online / |
| 245 ## - TITLE STATEMENT | |
| Statement of responsibility, etc | Cuihua Shen, Mona Kasra, Wenjing Pan, Grace A Basset, Yining Malloch and James F O'Brien.-- |
| 260 ## - PUBLICATION, DISTRIBUTION, ETC. (IMPRINT) | |
| Name of publisher, distributor, etc | Sage |
| 260 ## - PUBLICATION, DISTRIBUTION, ETC. (IMPRINT) | |
| Date of publication, distribution, etc | 2019 |
| 300 ## - PHYSICAL DESCRIPTION | |
| Extent | pages 438-463 February 2019 |
| 440 ## - SERIES STATEMENT/ADDED ENTRY--TITLE | |
| Title | New Media & Society |
| Volume number/sequential designation | 21(2) |
| 650 ## - SUBJECT ADDED ENTRY--TOPICAL TERM | |
| Topical term or geographic name as entry element | Digital Media Literacy |
| 650 ## - SUBJECT ADDED ENTRY--TOPICAL TERM | |
| Topical term or geographic name as entry element | Image Credibility |
| 650 ## - SUBJECT ADDED ENTRY--TOPICAL TERM | |
| Topical term or geographic name as entry element | Image Manipulation |
| 650 ## - SUBJECT ADDED ENTRY--TOPICAL TERM | |
| Topical term or geographic name as entry element | Source Credibility |
No items available.